000 01510nam a2200385 a 4500
001 dia_5435
003 CHAP
005 20250908093926.0
007 ta
008 220117s1989 mx ad f 001 0 spa d
040 _cCHAP
_amxchpua
090 _aT.C.71
_bV55 SAI
_c1989
245 1 0 _aSistema agroindustrial de carne y leche en el trópico húmedo tabasqueño (región sierra) /
_ccoordinador Abraham Villegas de Gante y Favio Ramírez Sepúlveda ; colaboradores Pablo Aguilar Flores...[et al.]
260 _aMéxico :
_bEl autor,
_c1989
300 _a112 hojas :
_bilustraciones, tablas, gráficas
336 _2rdacontent
_atexto
_btxt
337 _2rdamedia
_asin medio
_bn
338 _2rdacarrier
_avolumen
_bnc
500 _aGrado : 6° Grupo :
502 _aViaje de estudios
_b(SAI) --
_cUACh. Departamento de Ingeniería Agroindustrial,
_d1989
504 _aBibliografía : páginas 111-112
650 1 3 _aCarne
_9158550
_zMéxico
_zTabasco
650 1 3 _aDairy industry
_9158551
_zMexico
_zTabasco
650 1 3 _aIndustria lechera
_9158552
_zMéxico
_zTabasco
650 1 3 _aMeat
_9158553
_zMexico
_zTabasco
700 1 _aAguilar Flores, Pablo
_ecolaborador
_92701
700 1 _aRamírez Sepúlveda, Marco Favio
_9150304
_ecoordinador
700 1 _aVillegas de Gante, Abraham Zacarias
_9185141
_ecoordinador
901 _aT.C.71 V55 SAI 1989
902 _aM
905 _a5332271989 mx mn 8222223322spa16
942 _2local
942 _cVE
999 _c176335
_d176335